|
|
|
|
| LEADER |
00875cam a2200241 7i4500 |
| 001 |
0000027673 |
| 005 |
20200518090000.0 |
| 020 |
|
|
|a 9781857883862 (pbk.)
|
| 020 |
|
|
|a 1857883861 (pbk.)
|
| 090 |
0 |
0 |
|a BF76.8
|b .B83 2007
|
| 100 |
1 |
|
|a Butler-Bowdon, Tom
|
| 245 |
1 |
0 |
|a 50 psychology classic
|c Tom Butler-Bowdon.
|
| 246 |
3 |
|
|a Fifty psychology classics.
|
| 260 |
|
|
|a London:
|b Nicholas Brealey Pub.,
|c 2007.
|
| 300 |
|
|
|a viii, 301 p.;
|c 23 cm.
|
| 504 |
|
|
|a Includes bibliographical references
|
| 650 |
0 |
0 |
|a Psychological literature
|
| 997 |
|
|
|a Education & Social Sciences, Faculty
|b Social Sciences, Department
|
| 997 |
|
|
|a Health Sciences, Faculty
|
| 998 |
|
|
|a Industrial Psychology, Degree
|
| 998 |
|
|
|a Occupational Safety & Health, Degree
|
| 999 |
|
|
|a 0000036912
|b BOK
|c OPEN SHELF
|e 1st Floor, Bestari Jaya
|
| 999 |
|
|
|a 0000041016
|b BOK
|c OPEN SHELF
|e 1st Floor, Bestari Jaya
|